000
00247nam a2200097Ia 4500
100
_a
National Productivity Council
942
_c
BK
245
_a
Materials handling in W. Germany
260
_b
National Productivity Council
_c
2001
546
_a
ENGLISH
999
_c
20990
_d
20990